Premier League Torschützen 2020/2021 - Statistiken

Allgemein
  • Dieses Quiz wurde 661 mal gespielt
  • Das Durchschnittsergebnis liegt bei 12 aus 27
Antwortstatistiken
Tore Verein Spieler % Korrekt
23 Tottenham Hotspur Harry Kane
100%
22 Liverpool FC Mohamed Salah
99%
17 Tottenham Hotspur Heung-min Son
91%
15 Leicester City Jamie Vardy
83%
11 Liverpool FC Sadio Mané
77%
11 Manchester United Marcus Rashford
76%
18 Manchester United Bruno Fernandes
61%
10 Manchester City Raheem Sterling
61%
10 Arsenal FC Pierre-Emerick Aubameyang
57%
11 Crystal Palace Wilfried Zaha
48%
13 Arsenal FC Alexandre Lacazette
43%
16 Everton FC Dominic Calvert-Lewin
39%
10 Manchester United Edinson Cavani
39%
17 Leeds United Patrick Bamford
38%
14 Aston Villa Ollie Watkins
35%
10 West Ham United Michail Antonio
34%
12 Southampton FC Danny Ings
32%
13 Manchester City İlkay Gündoğan
32%
12 Burnley FC Chris Wood
29%
12 Newcastle United Callum Wilson
22%
12 Leicester City Kelechi Iheanacho
21%
10 Arsenal FC Nicolas Pépé
15%
10 Crystal Palace Christian Benteke
14%
11 Tottenham Hotspur Gareth Bale
11%
10 West Ham United Tomáš Souček
9%
11 West Bromwich Albion Matheus Pereira
8%
10 Aston Villa Anwar El Ghazi
3%
Keine übereinstimmenden Quizze gefunden
Verteilung der Resultate
Anzahl Personen mit jedem Resultat
Perzentil nach korrekt beantworteten Fragen
Ihre Resultats-Entwicklung
Sie haben dieses Quiz noch nicht gespielt